[Event "Mondiale Semilampo FIDE 2024"]
[Site "New York"]
[Date "28.12.2024"]
[Round "13.53"]
[White "Donchenko, Alexander"]
[Black "Zarnicki, Pablo"]
[Result "1-0"]
[WhiteTitle "GM"]
[BlackTitle "GM"]
[WhiteElo "2618"]
[BlackElo "2514"]
[WhiteFideId "24603295"]
[BlackFideId "100137"]
[EventDate "26.12.2024"]

1. e4 e5 2. Nf3 Nf6 3. Nxe5 d6 4. Nf3 Nxe4 5. Nc3 Nxc3 6. dxc3 Be7 7. Be3 O-O 8.
Bd3 Nd7 9. Qe2 Nf6 10. O-O-O Re8 11. h3 b6 12. Nd4 Bf8 13. Qf3 d5 14. Bg5 Be6
15. Bb5 c5 16. Bxf6 gxf6 17. Nxe6 Rxe6 18. Rxd5 Rd6 19. Rxd6 Bxd6 20. Rd1 Rb8
21. Bd3 Qf8 22. Qxf6 Be7 23. Qf5 Qh6+ 24. Kb1 Rd8 25. Re1 Bf6 26. a3 Kh8 27. Re4
Rg8 28. g3 Rf8 29. Qd7 Qd2 30. Qd6 Bg7 31. Rh4 h6 32. Ka2 Qxf2 33. Rxh6+ Kg8 34.
Rh4 Qf6 35. Qc7 Bh6 36. Bc4 a5 37. Qd7 Rd8 38. Rxh6 1-0

[Event "Mondiale Semilampo FIDE 2024"]
[Site "New York"]
[Date "28.12.2024"]
[Round "13.54"]
[White "Banh Gia Huy"]
[Black "Hong, Andrew"]
[Result "0-1"]
[WhiteTitle "IM"]
[BlackTitle "GM"]
[WhiteElo "2422"]
[BlackElo "2572"]
[WhiteFideId "12424714"]
[BlackFideId "2099438"]
[EventDate "26.12.2024"]

1. d4 Nf6 2. Nf3 d5 3. Bf4 c5 4. e3 Nc6 5. Nbd2 e6 6. c3 Be7 7. h3 Bd6 8. dxc5
Bxc5 9. Bd3 O-O 10. O-O h6 11. e4 a6 12. e5 Nd7 13. Nb3 Be7 14. Re1 Nc5 15. Bc2
Ne4 16. Nfd4 f5 17. exf6 Rxf6 18. Nxc6 bxc6 19. Be5 Rf5 20. Bxe4 Rxe5 21. Bh7+
Kxh7 22. Rxe5 Bd6 23. Re1 e5 24. c4 e4 25. cxd5 cxd5 26. Qd2 Bc7 27. Rad1 Be6
28. Nd4 Bf7 29. f4 Qf6 30. Rf1 Bb6 31. Kh1 Rc8 32. b3 Bh5 33. g4 Bg6 34. Rf2 a5
35. Qe3 a4 36. Kg2 Be8 37. Rfd2 Bb5 38. Kg3 Kh8 39. Kg2 Ba6 40. Kg3 Rf8 41. h4
Qg6 42. Rf2 Bd3 43. Rxd3 exd3 44. f5 Qf6 45. Rf4 g5 46. fxg6 Qxf4+ 47. Qxf4 Rxf4
48. g7+ Kg8 49. Kxf4 d2 0-1

[Event "Mondiale Semilampo FIDE 2024"]
[Site "New York"]
[Date "28.12.2024"]
[Round "13.55"]
[White "Kevlishvili, Robby"]
[Black "Sardana, Rishi"]
[Result "1/2-1/2"]
[WhiteTitle "GM"]
[BlackTitle "IM"]
[WhiteElo "2556"]
[BlackElo "2466"]
[WhiteFideId "1040634"]
[BlackFideId "25004301"]
[EventDate "26.12.2024"]

1. e4 c5 2. Nf3 d6 3. d4 cxd4 4. Nxd4 Nf6 5. Nc3 a6 6. Be3 e5 7. Nf3 Be7 8. Bc4
O-O 9. O-O Nc6 10. Bg5 Be6 11. Bb3 Na5 12. Bxf6 Bxf6 13. Nd5 Rc8 14. c3 Bg5 15.
Nxg5 Qxg5 16. Ne3 Nxb3 17. axb3 Rcd8 18. b4 g6 19. Qd3 f5 20. exf5 gxf5 21. f4
Qg7 22. Rad1 d5 23. fxe5 f4 24. Nc2 Bf5 25. Qd2 Be4 26. e6 Rf6 27. Ne1 f3 28.
Qd4 Qg6 29. Rd2 Re8 30. Rdf2 fxg2 31. Qxf6 gxf1=R+ 32. Kxf1 Qxf6 33. Rxf6 Re7
34. Nf3 Kg7 35. Rf4 Bxf3 36. Rxf3 Rxe6 37. Rd3 Re5 38. Kf2 Kf6 39. Rh3 h5 40.
Rh4 Rg5 41. Kf3 Ke5 42. b5 Rf5+ 43. Ke3 axb5 44. Rb4 Kd6 45. Rh4 Kc5 46. Kd3
Rf3+ 47. Ke2 Rf5 48. Kd3 Rg5 49. Ke3 Kd6 50. Kf3 Rf5+ 51. Ke3 Re5+ 1/2-1/2

[Event "Mondiale Semilampo FIDE 2024"]
[Site "New York"]
[Date "28.12.2024"]
[Round "13.56"]
[White "Rasulov, Vugar"]
[Black "Vokhidov, Shamsiddin"]
[Result "1-0"]
[WhiteTitle "GM"]
[BlackTitle "GM"]
[WhiteElo "2504"]
[BlackElo "2681"]
[WhiteFideId "13402390"]
[BlackFideId "14204223"]
[EventDate "26.12.2024"]

1. e4 c5 2. Nc3 Nc6 3. Nge2 e6 4. g3 Nf6 5. Bg2 d6 6. d4 cxd4 7. Nxd4 Bd7 8. O-O
Be7 9. Be3 O-O 10. Qe2 a6 11. Nxc6 Bxc6 12. a4 Qc7 13. a5 Rac8 14. f4 Nd7 15.
Bd4 Bf6 16. Qd2 Bxd4+ 17. Qxd4 e5 18. Qd2 Nf6 19. h3 exf4 20. gxf4 Rfe8 21. Qd4
Re6 22. Rfe1 Rce8 23. b4 Qe7 24. Rad1 Nh5 25. f5 Rh6 26. Nd5 Bxd5 27. exd5 Qxe1+
28. Rxe1 Rxe1+ 29. Kh2 Re8 30. c4 Rf6 31. c5 Rxf5 32. c6 bxc6 33. dxc6 Nf4 34.
c7 Ne6 35. Qxd6 g6 36. Qd7 Nxc7 37. Qxc7 Re2 38. Qc8+ Kg7 39. Qxa6 1-0

[Event "Mondiale Semilampo FIDE 2024"]
[Site "New York"]
[Date "28.12.2024"]
[Round "13.57"]
[White "Nogerbek, Kazybek"]
[Black "Tang, Andrew"]
[Result "1/2-1/2"]
[WhiteTitle "GM"]
[BlackTitle "GM"]
[WhiteElo "2527"]
[BlackElo "2527"]
[WhiteFideId "13710427"]
[BlackFideId "2059630"]
[EventDate "26.12.2024"]

1. d4 d5 2. Nf3 Nf6 3. c4 e6 4. cxd5 exd5 5. Qc2 c6 6. Nc3 Be7 7. Bf4 g6 8. h3
Bf5 9. Qb3 Qb6 10. g4 Be6 11. Qc2 h5 12. g5 Bf5 13. Qb3 Ne4 14. e3 Nd7 15. Be2
O-O 16. h4 Bb4 17. Rc1 Bg4 18. Ne5 Nxe5 19. Bxe5 Bf5 20. f3 Nxc3 21. bxc3 Be7
22. Kf2 f6 23. gxf6 Bxf6 24. Bxf6 Rxf6 25. c4 Be6 26. Rb1 Qxb3 27. axb3 Raf8 28.
Kg3 Bf5 29. Ra1 Re8 30. Kf2 Rfe6 31. e4 dxe4 32. Rxa7 exf3 33. Bxf3 Re3 34. Rha1
Rxb3 35. Ra8 Bc8 36. R1a3 Rb4 37. Rc3 Bd7 38. Ra7 Re7 39. Kg3 Kg7 40. Ra8 Bf5
41. Rd8 Rb2 42. d5 cxd5 43. cxd5 Rd2 44. Rb3 Rf7 45. d6 Bd7 46. Rxb7 Rxd6 47.
Be4 Rd4 48. Ra7 g5 49. Bf5 gxh4+ 50. Kh2 Rd2+ 51. Kg1 Rd1+ 52. Kh2 Rd2+ 53. Kg1
Rd1+ 54. Kh2 Rh1+ 55. Kxh1 Bc6+ 56. Kh2 Rxa7 57. Rd6 Bf3 58. Rd7+ 1/2-1/2

[Event "Mondiale Semilampo FIDE 2024"]
[Site "New York"]
[Date "28.12.2024"]
[Round "13.58"]
[White "Isanzhulov, Arystan"]
[Black "Moroni, Luca Jr"]
[Result "1-0"]
[WhiteTitle "IM"]
[BlackTitle "GM"]
[WhiteElo "2395"]
[BlackElo "2550"]
[WhiteFideId "13711644"]
[BlackFideId "865834"]
[EventDate "26.12.2024"]

1. e4 g6 2. d4 Bg7 3. Nf3 d6 4. Be3 Nf6 5. Nc3 O-O 6. Qd2 d5 7. exd5 Nxd5 8.
Nxd5 Qxd5 9. c4 Qd6 10. Be2 c5 11. d5 Nd7 12. O-O e5 13. dxe6 Qxe6 14. Ng5 Qb6
15. Rab1 Qc7 16. Ne4 b6 17. Qd6 Qxd6 18. Nxd6 Ba6 19. a3 Rad8 20. Rfd1 Be5 21.
f4 Bxd6 22. Rxd6 Rfe8 23. Kf2 Re7 24. Rc1 Rde8 25. Rc3 Bb7 26. Bf1 Kg7 27. b4
Nf6 28. Rxf6 Kxf6 29. bxc5 bxc5 30. Bxc5 Rd7 31. Be3 Bc6 32. Rb3 h5 33. Be2 Kg7
34. g3 f6 35. Bf3 Bxf3 36. Kxf3 f5 37. h3 Re4 38. Rc3 Kf7 39. c5 Rc7 40. Rd3 Ra4
41. g4 Ke7 42. gxh5 gxh5 43. Bd4 Ke6 44. Kg3 Kf7 45. Be3 Ra6 46. Kh4 Rg6 47. Rd5
Re6 48. Rxf5+ Kg8 49. Bd4 Re4 50. Rg5+ Kf8 51. Be5 Rf7 52. Kxh5 Rc4 53. Kg6 Rb7
54. h4 Kg8 55. Rh5 1-0

[Event "Mondiale Semilampo FIDE 2024"]
[Site "New York"]
[Date "28.12.2024"]
[Round "13.59"]
[White "Kobalia, Mikhail"]
[Black "Suleymenov, Alisher"]
[Result "1-0"]
[WhiteTitle "GM"]
[BlackTitle "GM"]
[WhiteElo "2543"]
[BlackElo "2500"]
[WhiteFideId "4119150"]
[BlackFideId "13707833"]
[EventDate "26.12.2024"]

1. e4 c5 2. Nf3 d6 3. d4 cxd4 4. Nxd4 Nf6 5. Nc3 a6 6. Be3 e5 7. Nb3 Be7 8. f3
Be6 9. Qd2 h5 10. O-O-O Nbd7 11. Kb1 Rc8 12. Bg5 b5 13. a3 Nb6 14. Bxf6 Bxf6 15.
Qxd6 Be7 16. Qxe5 Nd7 17. Qd4 Bf6 18. Qd6 Bxc3 19. bxc3 Rh6 20. Qb4 Qc7 21. Be2
Nb6 22. Nd4 Bd7 23. Nf5 Bxf5 24. exf5 Na4 25. Rhe1 Qc5 26. Bxb5+ Kf8 27. Qxa4
Rb6 28. Re4 Rxb5+ 29. Rb4 Qxc3 30. Qb3 Qe5 31. Rxb5 axb5 32. Rd5 Qe1+ 33. Kb2
Qe2 34. g4 hxg4 35. fxg4 Qxh2 36. Rxb5 Qe2 37. Rb7 Rc4 38. g5 Qe5+ 39. Ka2 Qc5
40. Rb8+ Ke7 41. Qb7+ Kd6 42. Qb6+ Ke5 43. Qxc5+ Rxc5 44. a4 Rxc2+ 45. Kb3 Rg2
46. Rb5+ Kd6 47. a5 Kc6 48. Rb6+ Kc5 49. g6 fxg6 50. Rxg6 Rf2 51. Rg5 Rf3+ 52.
Kc2 Kd6 53. a6 Kc7 54. Rxg7+ Kb8 55. Rf7 Ra3 56. Rf6 Kc7 57. Kd2 Kd7 58. Ke2 Ra5
59. Kf3 Ke7 60. Re6+ 1-0

[Event "Mondiale Semilampo FIDE 2024"]
[Site "New York"]
[Date "28.12.2024"]
[Round "13.60"]
[White "Liang, Awonder"]
[Black "Gan-Erdene, Sugar"]
[Result "0-1"]
[WhiteTitle "GM"]
[BlackTitle "IM"]
[WhiteElo "2687"]
[BlackElo "2437"]
[WhiteFideId "2056437"]
[BlackFideId "4902980"]
[EventDate "26.12.2024"]

1. a4 c5 2. Ra3 Nc6 3. Rg3 g6 4. Nc3 d5 5. d3 h5 6. h4 Nh6 7. e4 d4 8. Nb1 e5 9.
Be2 Ng4 10. Nf3 Be7 11. b3 a6 12. Ng5 b5 13. O-O f6 14. Nh3 f5 15. f4 Bxh4 16.
Rgf3 O-O 17. Na3 Rb8 18. Bd2 Be6 19. fxe5 Ncxe5 20. Nf4 Bd7 21. Rh3 fxe4 22.
dxe4 Nf2 0-1

[Event "Mondiale Semilampo FIDE 2024"]
[Site "New York"]
[Date "28.12.2024"]
[Round "13.61"]
[White "Harsha, Bharathakoti"]
[Black "Amartuvshin, Ganzorig"]
[Result "1-0"]
[WhiteTitle "GM"]
[BlackTitle "IM"]
[WhiteElo "2531"]
[BlackElo "2392"]
[WhiteFideId "5078776"]
[BlackFideId "4902548"]
[EventDate "26.12.2024"]

1. d4 Nf6 2. c4 e6 3. Nc3 Bb4 4. Nf3 d5 5. Bg5 h6 6. Bxf6 Qxf6 7. Qa4+ Nc6 8. e3
O-O 9. Rd1 Qe7 10. Be2 dxc4 11. Bxc4 Bd7 12. Qc2 e5 13. O-O Bxc3 14. bxc3 Rad8
15. Qe4 exd4 16. Qxe7 Nxe7 17. cxd4 Bg4 18. Rb1 Bxf3 19. gxf3 b6 20. Rfc1 Rd6
21. f4 g5 22. fxg5 hxg5 23. Rb5 g4 24. Rg5+ Kh7 25. Rxg4 f5 26. Rg3 c5 27. dxc5
bxc5 28. Bb3 Rc8 29. Rc4 Ng6 30. Rg5 Ne5 31. Rh4+ Rh6 32. Bg8+ 1-0

[Event "Mondiale Semilampo FIDE 2024"]
[Site "New York"]
[Date "28.12.2024"]
[Round "13.62"]
[White "Saraci, Nderim"]
[Black "Christiansen, Johan-Sebastian"]
[Result "1/2-1/2"]
[WhiteTitle "IM"]
[BlackTitle "GM"]
[WhiteElo "2431"]
[BlackElo "2661"]
[WhiteFideId "6351921"]
[BlackFideId "1512668"]
[EventDate "26.12.2024"]

1. Nf3 c5 2. c3 g6 3. d4 Bg7 4. e4 d5 5. dxc5 Nf6 6. exd5 Nxd5 7. Bc4 e6 8. Bxd5
exd5 9. O-O O-O 10. Bf4 Re8 11. Nbd2 Nc6 12. Nb3 a5 13. a4 b6 14. cxb6 Qxb6 15.
Qxd5 Ba6 16. Rfe1 Red8 17. Qc5 Qxb3 18. Qxc6 Qxb2 19. Be5 Bb7 20. Qb5 Qxb5 21.
axb5 Bxf3 22. gxf3 Bxe5 23. Rxe5 Rdc8 24. Ra3 Rab8 25. Kf1 Kg7 26. Ke2 Kf6 27.
f4 Rc4 28. Kf3 Rbc8 29. Re3 Kf5 30. Rxa5 R8c5 31. Ra7 f6 32. b6 Rxf4+ 33. Kg2
Rg4+ 34. Kh3 Rg1 35. b7 Rb1 36. Kg2 h5 37. Rf3+ Kg5 38. Ra6 Rxb7 39. Rfxf6 Rg7
40. Rfc6 Rf5 41. f3 h4 42. Rc4 Kh5 43. Ra8 Rh7 44. Rca4 g5 45. R4a5 Rxa5 46.
Rxa5 Rc7 47. f4 Kg4 48. fxg5 h3+ 49. Kf2 Rxc3 50. g6 Kf4 51. g7 Rc2+ 52. Kf1 Rg2
53. Ra4+ Kf5 54. Ra3 Rxg7 1/2-1/2

[Event "Mondiale Semilampo FIDE 2024"]
[Site "New York"]
[Date "28.12.2024"]
[Round "13.63"]
[White "Gagunashvili, Merab"]
[Black "Bai, Adelard"]
[Result "1-0"]
[WhiteTitle "GM"]
[BlackTitle "IM"]
[WhiteElo "2541"]
[BlackElo "2393"]
[WhiteFideId "13601652"]
[BlackFideId "16301188"]
[EventDate "26.12.2024"]

1. d4 Nf6 2. c4 e6 3. Nc3 Bb4 4. Qc2 c5 5. dxc5 O-O 6. a3 Bxc5 7. Nf3 b6 8. Bf4
Bb7 9. Rd1 Nc6 10. e3 Rc8 11. Be2 Be7 12. O-O Na5 13. Nb5 Be4 14. Qc3 Nd5 15.
Qd4 Nxf4 16. exf4 Bc2 17. Rde1 Bf6 18. Ne5 Nc6 19. Qd2 Bf5 20. Nxd7 a6 21. Nxf6+
Qxf6 22. Nd6 Rcd8 23. Rd1 e5 24. fxe5 Nxe5 25. Qf4 Rxd6 26. Rxd6 Qxd6 27. Qxf5
Qd4 28. Qc2 g6 29. Rd1 Qf4 30. Qd2 Qf5 31. Qd4 Re8 32. h3 Nc6 33. Qd2 Rd8 34.
Qe3 Rxd1+ 35. Bxd1 Qb1 36. Qd2 Ne5 37. Qd8+ Kg7 38. Qd4 f6 39. Kh2 Qc1 40. Be2
Qc2 41. Bf1 Qc1 42. Kg1 Qg5 43. Qxb6 Nf3+ 44. Kh1 Qc1 45. Qb7+ Kh6 46. Qxf3
Qxf1+ 47. Kh2 Qxc4 48. Qe3+ g5 49. g3 Qd5 50. Qb6 Qf3 51. Qe3 Qd5 52. b4 Kg6 53.
Qc3 h5 54. a4 Qe4 55. b5 axb5 56. axb5 h4 57. g4 Qe2 58. Qc5 Kg7 59. b6 Qf3 60.
Qe3 Qb7 61. Kg1 Kf7 62. Kf1 Qa6+ 63. Ke1 Qa1+ 64. Kd2 Qb2+ 65. Kd3 Qb3+ 66. Ke2
Qa2+ 67. Kf1 Qa6+ 68. Kg1 Qb5 69. Qd4 Qc6 70. Qb2 Qb7 71. Qb4 Ke6 72. Qc5 Kd7
73. Qf5+ Kc6 74. Qxf6+ Kb5 75. Qg6 Qe7 76. Qb1+ Ka6 77. b7 Qxb7 78. Qxb7+ Kxb7
79. f4 1-0

[Event "Mondiale Semilampo FIDE 2024"]
[Site "New York"]
[Date "28.12.2024"]
[Round "13.64"]
[White "Barbosa, Oliver"]
[Black "Gretarsson, Helgi Ass"]
[Result "1-0"]
[WhiteTitle "GM"]
[BlackTitle "GM"]
[WhiteElo "2451"]
[BlackElo "2418"]
[WhiteFideId "5201640"]
[BlackFideId "2300699"]
[EventDate "26.12.2024"]

1. Nf3 d5 2. g3 Nd7 3. d4 Nb6 4. Bg2 Bf5 5. Nbd2 h6 6. c4 dxc4 7. e4 Bh7 8. O-O
e6 9. Re1 c6 10. b3 cxb3 11. Qxb3 Nf6 12. Rb1 Nfd7 13. a4 a5 14. d5 Bb4 15. dxe6
fxe6 16. Qxe6+ Qe7 17. Qa2 Qf7 18. Qc2 O-O 19. Bb2 Rad8 20. Ba1 c5 21. Re2 c4
22. Bc3 Bxc3 23. Qxc3 Nxa4 24. Qxa5 Ndc5 25. Nf1 b6 26. Qb4 c3 27. Ra1 Qh5 28.
Re3 Qe8 29. Nd4 Kh8 30. e5 c2 31. e6 Rc8 32. e7 Rf6 33. Qa3 Rc7 34. Nb5 Rxe7 35.
Nc7 Qf8 36. Rxe7 Qxe7 37. Nd5 Qe5 38. Nxf6 Nb3 39. Qf8+ 1-0

[Event "Mondiale Semilampo FIDE 2024"]
[Site "New York"]
[Date "28.12.2024"]
[Round "13.65"]
[White "Onischuk, Alexander"]
[Black "Kacharava, Nikolozi"]
[Result "0-1"]
[WhiteTitle "GM"]
[BlackTitle "GM"]
[WhiteElo "2640"]
[BlackElo "2510"]
[WhiteFideId "14101025"]
[BlackFideId "13611860"]
[EventDate "26.12.2024"]

1. c4 e5 2. Nc3 d6 3. g3 f5 4. Bg2 Be7 5. d3 Nf6 6. b4 O-O 7. Rb1 c6 8. b5 d5 9.
bxc6 bxc6 10. cxd5 cxd5 11. Bg5 Be6 12. Bxf6 Bxf6 13. e3 f4 14. Qb3 fxe3 15.
fxe3 e4 16. Nxe4 Nc6 17. Nd2 Rb8 18. Qa4 Rxb1+ 19. Nxb1 Qb6 20. Nd2 Qxe3+ 21.
Kd1 Nd4 0-1

[Event "Mondiale Semilampo FIDE 2024"]
[Site "New York"]
[Date "28.12.2024"]
[Round "13.66"]
[White "Fressinet, Laurent"]
[Black "Urazayev, Arystanbek"]
[Result "0-1"]
[WhiteTitle "GM"]
[BlackTitle "IM"]
[WhiteElo "2588"]
[BlackElo "2470"]
[WhiteFideId "608742"]
[BlackFideId "13709810"]
[EventDate "26.12.2024"]

1. Nf3 d5 2. e3 Nf6 3. c4 e6 4. Nc3 Bd6 5. b3 O-O 6. Bb2 a6 7. Be2 b6 8. cxd5
exd5 9. O-O Re8 10. Re1 Bb7 11. Bf1 Nbd7 12. g3 Nf8 13. Bg2 Ne6 14. Nh4 Bf8 15.
Rc1 g6 16. Ne2 Bg7 17. Nf3 c5 18. d4 Rc8 19. Ne5 Ne4 20. Nf4 Nxf4 21. exf4 f6
22. Ng4 h5 23. Ne3 f5 24. Ba1 cxd4 25. Rxc8 Qxc8 26. Bxd4 Bxd4 27. Qxd4 Qc3 28.
Rd1 Qxd4 29. Rxd4 Nc3 30. Rd2 Kf8 31. a4 a5 32. Bf1 Re4 33. Nc2 Kf7 34. f3 Re7
35. Kf2 Na2 36. Nd4 Nb4 37. Bb5 Kf6 38. Rd1 Ba6 39. Nc6 Nxc6 40. Bxa6 Nb4 41.
Bb5 Rc7 42. Re1 Rc3 43. Re8 Rxb3 44. Rb8 d4 45. Rxb6+ Kg7 46. Rb7+ Kf8 47. Rb8+
Ke7 48. Rb7+ Kf8 49. Rb8+ Ke7 50. Rb7+ Kd6 51. Rd7+ Kc5 52. Rc7+ Kb6 53. Rg7
Rb2+ 54. Ke1 d3 55. Rxg6+ Kc5 56. Rg5 Kd4 57. Rxf5 Nc2+ 58. Kd2 Ne3+ 59. Kc1
Rc2+ 0-1

[Event "Mondiale Semilampo FIDE 2024"]
[Site "New York"]
[Date "28.12.2024"]
[Round "13.67"]
[White "Wanyama, Harold"]
[Black "Hovhannisyan, Robert"]
[Result "1/2-1/2"]
[WhiteTitle "FM"]
[BlackTitle "GM"]
[WhiteElo "2154"]
[BlackElo "2626"]
[WhiteFideId "10000380"]
[BlackFideId "13302507"]
[EventDate "26.12.2024"]

1. d4 Nf6 2. c4 e6 3. g3 d5 4. Bg2 dxc4 5. Nf3 Bb4+ 6. Bd2 a5 7. a3 Be7 8. Qa4+
Nbd7 9. Qxc4 b6 10. Ne5 Ba6 11. Qc2 Nxe5 12. dxe5 Nd7 13. Bxa8 Qxa8 14. Rg1 O-O
15. Bc3 Rd8 16. Nd2 Bb7 17. b4 Nf8 18. h4 Qa6 19. bxa5 bxa5 20. Bb2 a4 21. Rd1
c5 22. Nc4 Bd5 23. Nd2 Rb8 24. Ra1 Bd8 25. Bc3 Bc7 26. f4 Bb6 27. Kf2 Bb3 28.
Qc1 Ng6 29. Ne4 Ne7 30. Nd6 Nd5 31. Re1 c4+ 32. e3 Nxc3 33. Qxc3 Ba5 34. Qd4
Bxe1+ 35. Rxe1 Qc6 36. Rc1 h5 37. e4 Qb6 38. Qxb6 Rxb6 39. Ke3 Ba2 40. Rc3 Rb1
41. Kd4 Rd1+ 42. Kc5 Re1 43. Kc6 Bb3 44. Nxc4 Rxe4 45. Nd2 Bd5+ 46. Kb5 Re2 47.
Rd3 Kh7 48. Kxa4 Kg6 49. Kb4 Kf5 50. a4 Kg4 51. a5 Re1 52. a6 Ra1 53. Kb5 Ra2
54. Kb6 Rb2+ 55. Ka7 f6 56. Nf1 Be4 57. Ra3 fxe5 58. Ne3+ Kh3 59. fxe5 Rb4 60.
Nd1 Kg2 61. Nc3 Bf3 62. Na4 Kxg3 63. Nc5 Kg2 64. Nxe6 Rxh4 65. Nxg7 Rc4 66. Kb6
h4 67. a7 Ba8 68. e6 Re4 69. Ra2+ Kf3 70. Kc7 h3 71. Kb8 Bd5 72. a8=Q Bxa8 73.
Kxa8 Kg3 74. Nf5+ Kf4 75. Rf2+ Kg5 76. e7 h2 77. Rxh2 1/2-1/2

[Event "Mondiale Semilampo FIDE 2024"]
[Site "New York"]
[Date "28.12.2024"]
[Round "13.68"]
[White "Bezold, Michael"]
[Black "Smirnov, Mark"]
[Result "1/2-1/2"]
[WhiteTitle "GM"]
[BlackTitle "FM"]
[WhiteElo "2469"]
[BlackElo "2336"]
[WhiteFideId "4601718"]
[BlackFideId "13764594"]
[EventDate "26.12.2024"]

1. g3 d5 2. Bg2 Nf6 3. d3 e6 4. Nf3 Be7 5. O-O O-O 6. Nbd2 Nc6 7. e4 dxe4 8.
Nxe4 Nxe4 9. dxe4 Qxd1 10. Rxd1 e5 11. Be3 f6 12. Bf1 1/2-1/2

[Event "Mondiale Semilampo FIDE 2024"]
[Site "New York"]
[Date "28.12.2024"]
[Round "13.69"]
[White "Thavandiran, Shiyam"]
[Black "Batsuren, Dambasuren"]
[Result "1-0"]
[WhiteTitle "IM"]
[BlackTitle "GM"]
[WhiteElo "2410"]
[BlackElo "2531"]
[WhiteFideId "2605058"]
[BlackFideId "4902920"]
[EventDate "26.12.2024"]

1. e4 c6 2. Nf3 d5 3. d3 dxe4 4. dxe4 Qxd1+ 5. Kxd1 Nf6 6. Nbd2 g6 7. Ne1 Bh6 8.
f3 Be6 9. Nb3 Bxc1 10. Kxc1 Bxb3 11. axb3 Nbd7 12. Nd3 Kd8 13. b4 Kc7 14. Kd2 e5
15. Ke3 Ne8 16. Be2 Nd6 17. Nc5 Nxc5 18. bxc5 Ne8 19. Bc4 Rf8 20. b4 Nf6 21. h4
a5 22. bxa5 Nd7 23. h5 g5 24. a6 Nxc5 25. axb7 Rxa1 26. Rxa1 Nxb7 27. h6 Nd6 28.
Bb3 Kb6 29. Rd1 Kc7 30. Rh1 Rg8 31. Kf2 Rg6 32. c3 Kd7 33. Ra1 Rxh6 34. Ra7+ Ke8
35. Ba4 Nb5 36. Ra5 Nxc3 37. Rxe5+ Kf8 38. Bb3 Rg6 39. Rc5 Nb5 40. Ba4 Nd4 41.
Ke3 Nb5 42. Bxb5 cxb5 43. Rxb5 h6 44. g3 Ra6 45. Rb3 Kg7 46. f4 gxf4+ 47. gxf4
h5 48. f5 Ra1 49. Kf4 Rf1+ 50. Ke5 Rg1 51. Rh3 Rg5 52. Rh2 f6+ 53. Ke6 Rg4 54.
e5 fxe5 55. f6+ Kh6 56. f7 Rf4 57. Ke7 Kg5 58. Rg2+ Kh4 59. Rg6 Rxf7+ 60. Kxf7
e4 61. Kg7 e3 62. Kh6 e2 63. Re6 Kg4 64. Rxe2 h4 65. Re4+ Kg3 66. Kg5 h3 67.
Re3+ Kg2 68. Kg4 h2 69. Re2+ Kg1 70. Kg3 h1=N+ 71. Kf3 Kf1 72. Ra2 Kg1 73. Rb2 1-0

[Event "Mondiale Semilampo FIDE 2024"]
[Site "New York"]
[Date "28.12.2024"]
[Round "13.70"]
[White "Blohberger, Felix"]
[Black "Manafov, Vugar"]
[Result "1/2-1/2"]
[WhiteTitle "GM"]
[BlackTitle "IM"]
[WhiteElo "2534"]
[BlackElo "2431"]
[WhiteFideId "1632051"]
[BlackFideId "13410814"]
[EventDate "26.12.2024"]

1. d4 Nf6 2. Nf3 d5 3. e3 g6 4. b3 Bg7 5. Bb2 O-O 6. Nbd2 a5 7. c4 a4 8. bxa4 c5
9. dxc5 Nbd7 10. cxd5 Nxc5 11. Bb5 Bd7 12. O-O Nxa4 13. Bxa4 Bxa4 14. Nb3 Bb5
15. Re1 Qxd5 16. Qxd5 Nxd5 17. Bxg7 Kxg7 18. Nbd4 Bc4 19. a3 Ra4 20. Ne5 Rfa8
21. Nxc4 Rxc4 22. Reb1 b6 23. Rb3 Rc3 24. Kf1 Rac8 25. Rxc3 Rxc3 26. a4 e5 27.
Nf3 f6 28. a5 bxa5 29. Rxa5 Rc1+ 30. Ke2 Rc2+ 31. Kd1 Nb4 32. Ra7+ Kg8 33. Rb7
Rb2 34. Nd2 Nd3 35. Rxb2 Nxb2+ 1/2-1/2

[Event "Mondiale Semilampo FIDE 2024"]
[Site "New York"]
[Date "28.12.2024"]
[Round "13.71"]
[White "Hungaski, Robert"]
[Black "Erenburg, Sergey"]
[Result "1/2-1/2"]
[WhiteTitle "GM"]
[BlackTitle "GM"]
[WhiteElo "2477"]
[BlackElo "2510"]
[WhiteFideId "2021030"]
[BlackFideId "2805642"]
[EventDate "26.12.2024"]

1. h3 e5 2. e3 d5 3. d4 Nd7 4. Nf3 e4 5. Ng1 Bd6 6. Ne2 Ne7 7. b3 c6 8. Qd2 O-O
9. Ba3 Bc7 10. c4 Nf6 11. Nbc3 Be6 12. Nc1 a6 13. Bxe7 Qxe7 14. c5 Ne8 15. g3 g5
16. h4 h6 17. b4 Ng7 18. hxg5 hxg5 19. Nb3 f5 20. O-O-O Rf6 21. Be2 Raf8 22.
Rdg1 f4 23. gxf4 gxf4 24. Kb2 fxe3 25. fxe3 Rf2 26. Nd1 Rh2 27. Rxh2 Bxh2 28.
Rg2 Bc7 29. Qe1 Bh3 30. Rg1 Qf6 31. a4 Rf7 32. b5 axb5 33. axb5 cxb5 34. Nc3 Qf5
35. Qh4 Qf2 36. Rxg7+ Kxg7 37. Qxh3 Rf5 38. Ka3 Bd8 39. Bg4 Rg5 40. Bc8 Qf7 41.
Be6 Qf3 42. Bc8 Qxh3 43. Bxh3 Rg3 44. Bc8 Rxe3 45. Nxd5 Re1 46. Bxb7 e3 47. Kb4
e2 48. Nf4 Bc7 49. Nxe2 Rxe2 50. Kxb5 Rb2 51. Bd5 Kf6 52. Kc6 Bg3 53. Bc4 Rc2
54. Bg8 Rc3 55. Nd2 Re3 56. Bd5 Ke7 57. Nc4 Rd3 58. Nd6 Bxd6 59. cxd6+ Kd8 60.
Kc5 Rc3+ 61. Bc4 Kd7 62. Kd5 Ra3 63. Bb5+ Kd8 64. Kc5 Rc3+ 65. Kd5 Ra3 66. Ke5 1/2-1/2

[Event "Mondiale Semilampo FIDE 2024"]
[Site "New York"]
[Date "28.12.2024"]
[Round "13.72"]
[White "Sarana, Alexey"]
[Black "Juksta, Karolis"]
[Result "1-0"]
[WhiteTitle "GM"]
[BlackTitle "IM"]
[WhiteElo "2674"]
[BlackElo "2403"]
[WhiteFideId "24133795"]
[BlackFideId "12809039"]
[EventDate "26.12.2024"]

1. d4 e6 2. c4 b6 3. e4 Bb7 4. Bd3 Bb4+ 5. Kf1 Be7 6. Nc3 d6 7. Nf3 Nd7 8. h4 h6
9. h5 Bf6 10. Be3 Ne7 11. Qd2 a6 12. Rh3 c5 13. d5 Qc7 14. Bf4 Bxc3 15. Qxc3 e5
16. Be3 O-O-O 17. Rb1 Rdf8 18. b4 f5 19. exf5 Nxf5 20. Bxf5 Rxf5 21. Nh4 Rf7 22.
Ng6 Re8 23. bxc5 dxc5 24. a4 a5 25. Kg1 Qd6 26. Rh4 Rf5 27. Qc2 Rf6 28. f4 e4
29. Re1 Nf8 30. Ne5 g5 31. fxg5 hxg5 32. Bxg5 Rf5 33. Nf3 Nd7 34. Rhxe4 Rxe4 35.
Qxe4 Rf8 36. Be7 1-0

[Event "Mondiale Semilampo FIDE 2024"]
[Site "New York"]
[Date "28.12.2024"]
[Round "13.73"]
[White "Woodward, Andy"]
[Black "Sharshenbekov, Emir"]
[Result "1-0"]
[WhiteTitle "GM"]
[BlackTitle "CM"]
[WhiteElo "2530"]
[BlackElo "2078"]
[WhiteFideId "30953499"]
[BlackFideId "13810634"]
[EventDate "26.12.2024"]

1. d4 Nf6 2. Nf3 b5 3. Bf4 Bb7 4. e3 a6 5. h3 e6 6. Bd3 c5 7. c3 Qb6 8. O-O d6
9. a4 Nbd7 10. Qe2 c4 11. Bc2 d5 12. Nbd2 Bd6 13. Ne5 Bxe5 14. dxe5 Ng8 15. e4
Ne7 16. exd5 Nxd5 17. Bg3 Nc5 18. Kh2 Qc6 19. f3 Rd8 20. axb5 axb5 21. Rad1 O-O
22. Ne4 Nxe4 23. Qxe4 g6 24. Rd4 Qc7 25. Qe2 Ra8 26. Qd2 Rfd8 27. Qh6 Qc5 28.
Rh4 Ne3 29. Rf2 Ra1 30. Qxh7+ Kf8 31. Rf4 Nf5 32. Bh4 Ke8 33. Qg8+ 1-0